00895cam a22002417a 4500003000500000005001700005008004100022010001000063011001000073035001000083040000900093100003200102245018300134260004100317300004000358502009600398650002600494650002700520650002700547650001200574650002500586700004200611CHAP20220329142646.0020814d2002 mx a r 00110 spa d a86086 a87058 a97599 cCHAP00aLagunes Espinosa, Héctor.10aDiseño y construcción de un sistéma de control automático mediante un manipulador electroneumáticoc/por Héctor Lagunes Espinosa y Miguel Ángel Hernández Bautista aChapingo, Méx. :bEl autor,c2002. a149 h. :bilus. : gráfs. : anexos aTesis (Ing. Mecanico Agrícola) -- UACHA. Departamento de Ingenieria Mecánica Agrícola14aControl automático.14aMecánica agrícola.14aRobots en agricultura.14aRobots.14aSistemas de control.00aHernández Bautista, Miguel Ángel.